After combat : true war stories from Iraq and Afghanistan /

After Combat introduces readers to the wars fought by Millennials from the perspective of the combatants. Told by veterans, After Combat narrates what Tim O'Brien calls a "true war story," one without obvious purpose or moral imputation, independent of civilian logic, propaganda goals...

Full description

Bibliographic Details
Main Authors: Eide, Marian (Author), Gibler, Michael (Author)
Format: Book
Language:English
Published: Lincoln : Potomac Books, an imprint of the University of Nebraska Press, [2018]
Subjects:

MARC

Tag First Indicator Second Indicator Subfields
LEADER 00000cam a2200000 i 4500
001 in00004036498
005 20181024084005.0
008 180603t20182018nbu b s000 0 eng c
010 |a  2018009201 
020 |a 9781640120235  |q (cloth :  |q alk. paper) 
020 |a 1640120238 
020 |z 9781640121065  |q (epub) 
020 |z 9781640121072  |q (mobi) 
020 |z 9781640121089  |q (pdf) 
035 |a (OCoLC)on1031919374 
040 |a DLC  |e rda  |c DLC  |d UtOrBLW 
043 |a n-us---  |a a-iq---  |a a-af--- 
049 |a TXAM 
050 0 0 |a U52  |b .E37 2018 
082 0 0 |a 958.104/7373  |2 23 
100 1 |a Eide, Marian,  |e author.  |0 http://id.loc.gov/authorities/names/n2002034466 
245 1 0 |a After combat :  |b true war stories from Iraq and Afghanistan /  |c Marian Eide and Michael Gibler. 
264 1 |a Lincoln :  |b Potomac Books, an imprint of the University of Nebraska Press,  |c [2018] 
264 4 |c ©2018 
300 |a xx, 258 pages :  |b illustrations ;  |c 24 cm. 
336 |a text  |b txt  |2 rdacontent 
337 |a unmediated  |b n  |2 rdamedia 
338 |a volume  |b nc  |2 rdacarrier 
504 |a Includes bibliographical references. 
505 0 |a Enlist/commission -- Mission -- Every other day -- In country -- The best job I ever had -- Explosion -- Low points -- Close call -- Combat -- Comrades -- Chain of command -- Did you kill anyone -- Enemies -- Homecoming -- Loss -- Nostalgia -- Struggling -- Thank you for your service -- War stories -- "Why are we so out of synch with the civilian population that we, in theory, serve?" 
520 |a After Combat introduces readers to the wars fought by Millennials from the perspective of the combatants. Told by veterans, After Combat narrates what Tim O'Brien calls a "true war story," one without obvious purpose or moral imputation, independent of civilian logic, propaganda goals and even peacetime convention. 
650 0 |a Veterans  |z United States  |v Biography.  |0 http://id.loc.gov/authorities/subjects/sh2008113201 
650 0 |a Iraq War, 2003-2011  |x Veterans  |z United States. 
650 0 |a Afghan War, 2001-  |x Veterans  |z United States. 
700 1 |a Gibler, Michael,  |e author.  |0 http://id.loc.gov/authorities/names/no2018074998 
945 |b 667088 
947 |a A14850581795 
948 |a cataloged  |b h  |c 2018/8/21  |d c  |e dmitchel  |f 2:00:00 pm 
994 |a 92  |b TXA 
999 f f |s 1e545a2d-b22a-3f2f-9ab1-04f9770a942e  |i 6c970b34-1796-30f2-a35c-61bc6767f169  |t 0 
952 f f |p normal  |a Texas A&M University  |b College Station  |c Sterling C. Evans Library  |d Evans: Library Stacks  |t 0  |e U52 .E37 2018  |h Library of Congress classification  |i unmediated -- volume  |m A14850581795 
998 f f |a U52 .E37 2018  |t 0  |l Evans: Library Stacks